| 000 | 00807cam a22002771 4500 | ||
|---|---|---|---|
| 001 | sa 67006006 | ||
| 003 | DLC | ||
| 005 | 20260227112402.0 | ||
| 008 | 890602s1966 ii b 000 0 hino | ||
| 010 | _asa 67006006 | ||
| 035 | _a(OCoLC)19806185 | ||
| 040 |
_aDLC _cWaU _dDLC |
||
| 042 | _apremarc | ||
| 043 | _aa-ii--- | ||
| 050 | 0 | 0 |
_aLA1151 _b.P29 |
| 100 | 1 |
_aPathak, Suresh Prasad, _d1928- |
|
| 245 | 1 | 0 |
_aBhāratīya śikshā kī tatkālīna samasyāyeṃ. _bContemporary problems of Indian education. |
| 260 | _c[1966] | ||
| 300 |
_aii, 355, ii p. _c23 cm. |
||
| 500 | _aIn Hindi. | ||
| 504 | _aBibliography: p. i-ii (last group) | ||
| 650 | 0 |
_aEducation _zIndia. |
|
| 650 | 0 | _aEducation. | |
| 700 | 1 |
_aSharma, Mukund Devi, _d1926- |
|
| 740 | 0 | _aContemporary problems of Indian education. | |
| 999 |
_c75607 _d75607 |
||